Hity disco polo - Statystyki

Ogólne statystyki
  • Ten quiz został rozwiązany 1 304 razy
  • Średni wynik to 14 z 42
Statystyki odpowiedzi
Tekst brakujące słowa % Poprawnych
tańcz tańcz tańcz kiedy inni tańczą i __ __ __ __ _ __ pij pij pij drinka z pomarańczą
81%
no chodź __ __ i nie mów że nie wypada na kolana
78%
rewelacja na Bałtyku - __ __ __ __ lody lody na patyku
70%
do białego rana ajajaj __ __ _ __ __ ajajaj chcę pić z tobą szampana
65%
dla mnie luty __ __ __, ty mi śnieg ja słońce dam dla ciebie maj
55%
mówiłeś do mnie mała, mówiłeś moja cała, _ __ _ __ __ __ __ a dziś to ona jeździ twoim samochodem
54%
__ __ __ __ __ chciała go wychować na pana wielkiego miała matka syna syna jedynego
53%
ona miała suknię kolorową __ __ __ _ __ __ czarne getry czapkę i bluzę sportową
51%
__ __ __, __ __ __ __ taka taka taka skromna, taka taka seksi bomba ale ale aleksandra ale ale ale ładna
49%
za każdą chwilę z tobą oddałbym __ __ __ __ od zawsze jesteś pragnieniem mym to co najdroższe maleńka
48%
__ __ __ __ niewinna i słodka gdy ciebie też spotka to wtedy już wiesz ona jest taka cudowna
42%
gdy tańczy jestem w niebie __ __ __ __ jest moja przytulę ją do siebie
40%
jak poleję jej szampana, __ __ __ __ tańczy do białego rana
38%
A będzie to będzie, to będzie, to __ __ lekcja miłości
36%
dlatego chodź tu mała nie będziesz tego żałowała __ __ __ mam dobry plan
36%
przez twe oczy te oczy zielone __ __ __ __ __ __ __ __ _ __ __ __ __ __ __ tak zakochać zakochać się można tylko raz oszalałem gwiazdy chyba twym oczom oddały cały blask a ja serce miłości spragnione ci oddałem
36%
lubisz to lubisz __ __ później jest jak jest troszkę pomarudzisz
36%
zabrałaś serce moje __ __ __ a mnie pozostawiłaś te łzy gorące łzy zabrałaś moje sny
35%
prowokujesz, wiem co czujesz __ __ __ serca namiętnością jesteś mą miłością
34%
chociaż ranisz nie raz __ __ _ __ __ jedno wiem, kocham się w tobie krople płyną z mych powiek
34%
młoda kobieto __ __ __ __ __ czy ona wie że biegasz taka rozebrana co na to twoja mama
33%
ty za kobietami i za monetami latałeś jak __ mario
33%
__ __ ty moja kochana, zostań moją żonką błagam cię plastikowa biedronko
33%
dlaczego ty mi w głowie __, spojrzeniem swoim słodkim mnie zbawiłaś zawróciłaś
33%
uderzam na imprezę, __ __ __ __ __ bo tam nie będę sam
30%
ja __ a ty będziesz damą mą rycerzem
30%
Ewa odeszła, odeszła stąd __ __ __ __ __ __ nie wiem dlaczego może mój błąd
28%
Bum tarararara za oknami noc, __ __ __ __ __ __ czego chcesz dziewczyno ja wiem tarzana
27%
__ __ __ __ ja wiem, że nie liczy się nic, ona buzię ma słodką dlatego kocham ją mocno
26%
starta płyta gra, zapomniany dawno hit __ __ __ __ daj mi tę noc
23%
__ __ __ __ pierwszym mym życzeniem jesteś ty gwiazda w górze lśni
23%
a gdy już skończy się ta noc i gdy będziemy mieli dość, ja odwiozę cię do twego domu obiecasz mi __ __ __ __ __ że nie powiesz nic nikomu
19%
hej czy ty wiesz, że zdjęcia twe oglądam, hej szkoda że __ __ __ __ już nie zobaczysz mnie
18%
__ __ __ __ tyś najpiękniejszą z dam, na parkiet ze mną chodź królowo ze mną tańcz
17%
długa noc przed nami __ __ spróbuj teraz ze mną mam na myśli jedno zostaniemy sami
17%
nie ma drugiej takiej, która mnie nakręca __ __ __ __ __ _ __ bo prawdziwa miłość płynie prosto z serca
16%
zimna jak zimna jak zimny __ głaz
11%
tonę w oczach twoich __ __ __ __ pozwól mi oddychać tlen mi daj ogniem płonę od nich
11%
czarne chmury nad nami __ __ __ __ __ __ nie ma czego ratować nie ma czego żałować było i się skończyło iskrzą błyskawicami pora skończyć tę miłość
9%
__ __ __ cały mi zazdrościł świat, nie wiedziałem nic, liczyłaś się jedynie ty miałaś osiemnaście lat
9%
jesteś szalona mówię ci __ __ __ __ __ __ zawsze nią byłaś skończysz wreszcie śnić
8%
__ __ __ __ niech się dowie cały świat o tym że już na zawsze twoje serce moim będzie grać będziesz moja na zawsze
7%
Nie znaleziono quizów pasujących do podanych kryteriów
Rozkład punktacji
Procent ludzi z każdym wynikiem
Percentyl według liczby udzielonych odpowiedzi
Twoja historia wyników
Nie rozwiązałeś tego quizu